[Event "Cesis 4th"]
[Site "Cesis"]
[Date "2025.06.18"]
[Round "8"]
[White "Nainys, Zanas1"]
[Black "Tolmacevs, Artjoms"]
[Result "1-0"]
[WhiteElo "2389"]
[BlackElo "2221"]
[PlyCount "83"]
[EventDate "2025.06.16"]
[EventType "swiss"]
[EventRounds "8"]
[EventCountry "LAT"]
[SourceTitle "CB26_2025"]
[SourceDate "2025.06.25"]
[SourceVersion "1"]
[SourceVersionDate "2025.06.25"]
[SourceQuality "1"]

1. d4 Nf6 2. c4 c5 3. Nf3 cxd4 4. Nxd4 e5 5. Nb5 d5 6. cxd5 Bc5 7. h3 0-0 8. N5c3 e4 9. g4 e3 10. Bxe3 Bxe3 11. fxe3 Qb6 12. Qd2 Nbd7 13. Na3 Qd6 14. 0-0-0 a6 15. Nc2 b5 16. Qd4 Ne5 17. Bg2 Bb7 18. Qf4 Rac8 19. Rd4 Rc7 20. Kb1 Rfc8 21. Nb4 Ne8 22. Ne4 Qe7 23. d6 Bxe4+ 24. Rxe4 Nxd6 25. Rxe5 Nc4 26. Nd3 Nxe5 27. Qxe5 Qxe5 28. Nxe5 Re7 29. Nd3 Rxe3 30. Bf3 Rd8 31. Nb4 Rd6 32. Rc1 g6 33. Rc8+ Kg7 34. Ra8 Ree6 35. a3 h6 36. Ra7 Rf6 37. Bd5 Rf4 38. e4 Kf8 39. Nxa6 f5 40. Rf7+ Ke8 41. Nc7+ Kd8 42. Ne6+ 1-0

[Event "Cesis 4th"]
[Site "Cesis"]
[Date "2025.06.17"]
[Round "5"]
[White "Tolmacevs, Artjoms"]
[Black "Vardanyan, Aras"]
[Result "1-0"]
[WhiteElo "2221"]
[BlackElo "2349"]
[PlyCount "95"]
[EventDate "2025.06.16"]
[EventType "swiss"]
[EventRounds "8"]
[EventCountry "LAT"]
[SourceTitle "CB26_2025"]
[SourceDate "2025.06.25"]
[SourceVersion "1"]
[SourceVersionDate "2025.06.25"]
[SourceQuality "1"]

1. e4 c5 2. Nf3 d6 3. d4 cxd4 4. Nxd4 Nf6 5. Nc3 Bd7 6. Bg5 e6 7. f3 a6 8. Qd2 Be7 9. 0-0-0 b5 10. Kb1 b4 11. Bxf6 Bxf6 12. Nce2 Qb6 13. g4 Nc6 14. g5 Be7 15. h4 a5 16. h5 a4 17. Nxc6 Bxc6 18. Nd4 a3 19. b3 Qc5 20. Nxc6 Qxc6 21. Qxb4 0-0 22. g6 Bf6 23. gxf7+ Rxf7 24. Bc4 Kh8 25. Qxd6 Qxd6 26. Rxd6 Bb2 27. Be2 e5 28. Rhd1 Bd4 29. c3 Bxc3 30. Ra6 Rff8 31. Rxa8 Rxa8 32. Rd5 g6 33. hxg6 hxg6 34. Kc2 Bb2 35. b4 Kg7 36. b5 Bd4 37. Rd7+ Kf8 38. Kb3 Ke8 39. Rg7 Bc5 40. b6 Rd8 41. b7 Bd6 42. Bc4 Kf8 43. Rxg6 Ke7 44. Rg7+ Kf6 45. Rf7+ Kg5 46. Ka4 Kh4 47. Rg7 Rf8 48. Rg6 1-0

[Event "Cesis 4th"]
[Site "Cesis"]
[Date "2025.06.16"]
[Round "3"]
[White "Tolmacevs, Artjoms"]
[Black "Starostits, Ilmars"]
[Result "0-1"]
[WhiteElo "2221"]
[BlackElo "2347"]
[PlyCount "92"]
[EventDate "2025.06.16"]
[EventType "swiss"]
[EventRounds "8"]
[EventCountry "LAT"]
[SourceTitle "CB26_2025"]
[SourceDate "2025.06.25"]
[SourceVersion "1"]
[SourceVersionDate "2025.06.25"]
[SourceQuality "1"]

1. e4 c6 2. d4 d5 3. e5 Bf5 4. h4 h5 5. Bd3 Bxd3 6. Qxd3 Qa5+ 7. b4 Qxb4+ 8. Nd2 e6 9. Rb1 Qe7 10. c4 Qd7 11. Ngf3 Nh6 12. Qb3 b6 13. 0-0 Nf5 14. a4 Be7 15. g3 0-0 16. a5 dxc4 17. Qxc4 b5 18. Qc3 b4 19. Qd3 c5 20. Qe4 Nc6 21. dxc5 Bxc5 22. Nb3 Be7 23. Bg5 Qd5 24. Qxd5 exd5 25. Rfd1 Rfd8 26. Nbd4 Ncxd4 27. Nxd4 Nxd4 28. Bxe7 Ne2+ 29. Kf1 Nc3 30. Bxd8 Rxd8 31. Rbc1 Nxd1 32. Rxd1 Kf8 33. Rd4 Rb8 34. Rxd5 b3 35. Rd1 Rb5 36. Rb1 Ke7 37. f4 Ke6 38. Rb2 Kd5 39. Ke2 Kc4 40. Kd2 Rxa5 41. Rb1 Rd5+ 42. Kc1 a5 43. Ra1 Kc3 44. Rb1 a4 45. Rb2 a3 46. Re2 b2+ 0-1

[Event "Titled Tuesday intern op 11th Feb Early"]
[Site "Chess.com INT"]
[Date "2025.02.11"]
[Round "6"]
[White "Altini, Nicola"]
[Black "Tolmacevs, Artjoms"]
[Result "1-0"]
[WhiteElo "2348"]
[BlackElo "2271"]
[PlyCount "77"]
[EventDate "2025.02.11"]
[EventType "swiss (blitz)"]
[EventRounds "11"]
[EventCountry "USA"]
[SourceTitle "CB09_2025"]
[SourceDate "2025.02.27"]
[SourceVersion "1"]
[SourceVersionDate "2025.02.27"]
[SourceQuality "1"]

1. e4 c5 2. Nf3 d6 3. d4 cxd4 4. Nxd4 Nf6 5. Nc3 a6 6. h3 e5 7. Nf3 Be7 8. g4 0-0 9. g5 Nfd7 10. h4 Nc5 11. h5 Bg4 12. g6 fxg6 13. Bc4+ Ne6 14. hxg6 Qc8 15. Nd5 Bd8 16. gxh7+ Kh8 17. Nxe5 dxe5 18. Qxg4 Qxc4 19. Qxe6 Qxe4+ 20. Be3 Qxh1+ 21. Kd2 Qxa1 22. Qd6 Nd7 23. Qxd7 Qxb2 24. Qa4 Qb5 25. Qe4 Ba5+ 26. Kc1 Rae8 27. Bg5 Bd8 28. Be3 Be7 29. Kd1 Ba3 30. c4 Qa4+ 31. Ke2 Bb4 32. Qb1 Bd6 33. Qe4 Qxa2+ 34. Kf1 Qa1+ 35. Kg2 Bb4 36. Nc7 Rc8 37. Qxb7 Bd6 38. Ne6 Qc1 39. Qxg7# 1-0

[Event "Titled Tuesday intern op 04th Feb Early"]
[Site "Chess.com INT"]
[Date "2025.02.04"]
[Round "5"]
[White "Tolmacevs, Artjoms"]
[Black "Dahlgren, James Allen"]
[Result "1-0"]
[WhiteElo "2271"]
[BlackElo "1891"]
[PlyCount "69"]
[EventDate "2025.02.04"]
[EventType "swiss (blitz)"]
[EventRounds "11"]
[EventCountry "USA"]
[SourceTitle "CB07_2025"]
[SourceDate "2025.02.12"]
[SourceVersion "1"]
[SourceVersionDate "2025.02.12"]
[SourceQuality "1"]

1. e4 e6 2. d4 c5 3. Nf3 d5 4. dxc5 Bxc5 5. exd5 exd5 6. Nc3 Nf6 7. Bg5 0-0 8. Be2 Be6 9. 0-0 Nc6 10. Nb5 h6 11. Bh4 Be7 12. Nbd4 Qb6 13. Re1 Rfe8 14. Nxe6 fxe6 15. Bf1 Kf7 16. c4 d4 17. b3 Rad8 18. Bd3 Qc5 19. a3 Qh5 20. Bxf6 Bxf6 21. Ne5+ Qxe5 22. Rxe5 Nxe5 23. f4 Nxd3 24. Qxd3 e5 25. fxe5 Rxe5 26. Rd1 Re3 27. Qd2 Rxb3 28. Qa2 Rc3 29. g3 d3 30. Kf1 Kg6 31. Qb2 Rc2 32. Qxb7 Bd4 33. Rxd3 Rf8+ 34. Ke1 Rc1+ 35. Kd2 1-0

[Event "Titled Tuesday intern op 28th Jan Early"]
[Site "Chess.com INT"]
[Date "2025.01.28"]
[Round "10"]
[White "Kreken, Eivind Grunt"]
[Black "Tolmacevs, Artjoms"]
[Result "0-1"]
[WhiteElo "2302"]
[BlackElo "2252"]
[PlyCount "142"]
[EventDate "2025.01.28"]
[EventType "swiss (blitz)"]
[EventRounds "11"]
[EventCountry "USA"]
[SourceTitle "CB06_2025"]
[SourceDate "2025.02.05"]
[SourceVersion "1"]
[SourceVersionDate "2025.02.05"]
[SourceQuality "1"]

1. e4 c5 2. Nf3 d6 3. d4 cxd4 4. Qxd4 Nc6 5. Bb5 Nf6 6. Nc3 Bd7 7. Bxc6 Bxc6 8. Bg5 e6 9. 0-0-0 Be7 10. Bxf6 Bxf6 11. Qxd6 Qxd6 12. Rxd6 Bxc3 13. bxc3 Bxe4 14. Ne5 0-0 15. f3 Bf5 16. g4 Bg6 17. Rhd1 Rac8 18. Kb2 Rc5 19. Nxg6 hxg6 20. Rd7 Rb5+ 21. Kc1 Rc8 22. R1d3 g5 23. Re7 Rbc5 24. Rxb7 Rxc3 25. Rxc3 Rxc3 26. Rxa7 Rxf3 27. a4 f5 28. gxf5 exf5 29. a5 f4 30. Kb2 Re3 31. Rb7 f3 32. a6 f2 33. a7 f1Q 34. a8Q+ Kh7 35. Rxg7+ Kxg7 36. Qa7+ Kg6 37. Qxe3 Qb5+ 38. Kc1 Qa5 39. Qd3+ Kh5 40. Kd1 Kh4 41. Qg3+ Kh5 42. c3 g4 43. Kd2 Qd5+ 44. Kc2 Qa2+ 45. Kd3 Qd5+ 46. Ke2 Qe4+ 47. Qe3 Qc2+ 48. Qd2 Qe4+ 49. Kd1 Qb1+ 50. Qc1 Qd3+ 51. Qd2 Qb1+ 52. Ke2 Qe4+ 53. Kf1 Qh1+ 54. Ke2 Qxh2+ 55. Ke3 Qxd2+ 56. Kxd2 Kh4 57. Ke2 Kh3 58. Kf1 Kh2 59. c4 g3 60. c5 g2+ 61. Ke2 g1Q 62. Kd3 Qxc5 63. Ke4 Qe7+ 64. Kd3 Kg3 65. Kc4 Kf4 66. Kb5 Qd6 67. Ka5 Ke4 68. Ka4 Qb8 69. Ka5 Kd4 70. Ka6 Kc5 71. Ka5 Qa8# 0-1

[Event "Titled Tuesday intern op 28th Jan Early"]
[Site "Chess.com INT"]
[Date "2025.01.28"]
[Round "5"]
[White "Tolmacevs, Artjoms"]
[Black "Oluka, Robert Mcligeyo"]
[Result "1-0"]
[WhiteElo "2252"]
[BlackElo "2027"]
[PlyCount "53"]
[EventDate "2025.01.28"]
[EventType "swiss (blitz)"]
[EventRounds "11"]
[EventCountry "USA"]
[SourceTitle "CB06_2025"]
[SourceDate "2025.02.05"]
[SourceVersion "1"]
[SourceVersionDate "2025.02.05"]
[SourceQuality "1"]

1. e4 e5 2. Nf3 Nc6 3. d4 exd4 4. Nxd4 Nf6 5. Nxc6 bxc6 6. e5 Qe7 7. Qe2 Nd5 8. c4 Ba6 9. Nd2 g6 10. Ne4 Bg7 11. Bg5 Qb4+ 12. Qd2 Bxe5 13. 0-0-0 Qxd2+ 14. Nxd2 Ne7 15. Re1 f6 16. Be3 Kf7 17. f4 Bd6 18. c5 Bxf1 19. Rhxf1 Nf5 20. cxd6 cxd6 21. Nc4 d5 22. Na5 Rhe8 23. Bd2 Re4 24. g4 Nd4 25. g5 f5 26. Nb7 Rae8 27. Nd6+ 1-0

[Event "Prague op 23rd"]
[Site "Prague"]
[Date "2025.01.16"]
[Round "8"]
[White "Vardanyan, Aras"]
[Black "Tolmacevs, Artjoms"]
[Result "1-0"]
[WhiteElo "2312"]
[BlackElo "2252"]
[PlyCount "69"]
[EventDate "2025.01.10"]
[EventType "swiss"]
[EventRounds "9"]
[EventCountry "CZE"]
[SourceTitle "CB04_2025"]
[SourceDate "2025.01.22"]
[SourceVersion "1"]
[SourceVersionDate "2025.01.22"]
[SourceQuality "1"]

1. d4 Nf6 2. c4 c5 3. d5 e6 4. Nc3 exd5 5. cxd5 d6 6. Nf3 g6 7. h3 Bg7 8. Bf4 0-0 9. e3 a6 10. a4 Nh5 11. Bh2 Re8 12. Be2 Qb6 13. Qc1 Nf6 14. Nd2 Qc7 15. Nc4 Bf8 16. f3 Nbd7 17. e4 Rb8 18. Na3 Bg7 19. 0-0 Nh5 20. Kh1 Be5 21. f4 Bxc3 22. Qxc3 Nhf6 23. e5 Ne4 24. Qc2 f5 25. Bf3 Nb6 26. Rad1 Qg7 27. Bxe4 fxe4 28. a5 Na8 29. Nc4 dxe5 30. fxe5 b5 31. Nd6 Rf8 32. e6 Bb7 33. Qxe4 Nc7 34. Nxb7 Rxb7 35. d6 1-0

[Event "Prague op 23rd"]
[Site "Prague"]
[Date "2025.01.14"]
[Round "6"]
[White "Tolmacevs, Artjoms"]
[Black "Verner, Matej"]
[Result "1-0"]
[WhiteElo "2252"]
[BlackElo "1948"]
[PlyCount "61"]
[EventDate "2025.01.10"]
[EventType "swiss"]
[EventRounds "9"]
[EventCountry "CZE"]
[SourceTitle "CB04_2025"]
[SourceDate "2025.01.22"]
[SourceVersion "1"]
[SourceVersionDate "2025.01.22"]
[SourceQuality "1"]

1. e4 c5 2. Nf3 Nc6 3. d4 cxd4 4. Nxd4 e5 5. Nb5 d6 6. N1c3 a6 7. Na3 Be7 8. Nc4 b5 9. Ne3 Nf6 10. Bd3 Nb4 11. 0-0 0-0 12. a4 Bb7 13. axb5 axb5 14. Rxa8 Qxa8 15. Nf5 Qd8 16. Bxb5 d5 17. exd5 Nbxd5 18. Nxd5 Nxd5 19. c4 Nc7 20. Qg4 Bf6 21. Rd1 Qa8 22. Bd7 Rd8 23. Be3 h5 24. Nh6+ Kh7 25. Qxh5 gxh6 26. Qxh6+ Kg8 27. Qxf6 Ne6 28. Qh4 Kf8 29. Bh6+ Kg8 30. Qg4+ Kh7 31. Bxe6 1-0

[Event "Titled Tuesday intern op 07th Jan Early"]
[Site "Chess.com INT"]
[Date "2025.01.07"]
[Round "9"]
[White "Askarov, Bakhtiyar"]
[Black "Tolmacevs, Artjoms"]
[Result "0-1"]
[WhiteElo "2314"]
[BlackElo "2252"]
[PlyCount "38"]
[EventDate "2025.01.07"]
[EventType "swiss (blitz)"]
[EventRounds "11"]
[EventCountry "USA"]
[SourceTitle "CB03_2025"]
[SourceDate "2025.01.15"]
[SourceVersion "1"]
[SourceVersionDate "2025.01.15"]
[SourceQuality "1"]

1. e4 c5 2. Nf3 d6 3. d4 cxd4 4. Nxd4 Nf6 5. Nc3 a6 6. Bg5 e6 7. Qe2 Be7 8. h4 Bd7 9. 0-0-0 Qc7 10. Kb1 Nc6 11. g4 b5 12. Bxf6 Bxf6 13. Ndxb5 axb5 14. Nxb5 Qa5 15. Nxd6+ Ke7 16. Qc4 Rhb8 17. Nf5+ exf5 18. Rxd7+ Kxd7 19. Qxf7+ Ne7 0-1

[Event "Riga Christmas"]
[Site "Riga"]
[Date "2024.12.15"]
[Round "9"]
[White "Kanov, Nikola"]
[Black "Tolmacevs, Artjoms"]
[Result "1-0"]
[WhiteElo "2400"]
[BlackElo "2227"]
[PlyCount "83"]
[EventDate "2024.12.09"]
[EventType "tourn"]
[EventRounds "9"]
[EventCountry "LAT"]
[EventCategory "3"]
[SourceTitle "CB51_2024"]
[SourceDate "2024.12.18"]
[SourceVersion "1"]
[SourceVersionDate "2024.12.18"]
[SourceQuality "1"]

1. e4 c5 2. Nf3 d6 3. d4 cxd4 4. Nxd4 Nf6 5. Nc3 a6 6. Be3 e5 7. Nb3 Be7 8. f3 Be6 9. Qd2 h5 10. Nd5 Nxd5 11. exd5 Bf5 12. Na5 b6 13. Nc4 b5 14. Nb6 Ra7 15. a4 bxa4 16. Nxa4 Rb7 17. Be2 Bh4+ 18. g3 Bf6 19. 0-0 h4 20. g4 Bd7 21. Nc3 Rxb2 22. Ne4 Be7 23. f4 Qc8 24. Rab1 Rxb1 25. Rxb1 exf4 26. Ba7 Bb5 27. c4 f5 28. Nf2 0-0 29. cxb5 axb5 30. Bd4 f3 31. Bd3 fxg4 32. Qe3 Bf6 33. Bxf6 gxf6 34. Qh6 Rf7 35. Rc1 Qd8 36. Bf5 Nd7 37. Be6 g3 38. Qg6+ Kh8 39. Bxf7 gxf2+ 40. Kf1 Qf8 41. Rc8 Qxc8 42. Qh6# 1-0

[Event "Riga Christmas"]
[Site "Riga"]
[Date "2024.12.12"]
[Round "5"]
[White "Tolmacevs, Artjoms"]
[Black "Cederstam Barsk, Carl"]
[Result "1-0"]
[WhiteElo "2227"]
[BlackElo "2310"]
[PlyCount "71"]
[EventDate "2024.12.09"]
[EventType "tourn"]
[EventRounds "9"]
[EventCountry "LAT"]
[EventCategory "3"]
[SourceTitle "CB51_2024"]
[SourceDate "2024.12.18"]
[SourceVersion "1"]
[SourceVersionDate "2024.12.18"]
[SourceQuality "1"]

1. e4 e5 2. Nf3 Nc6 3. d4 exd4 4. Nxd4 Nf6 5. Nxc6 bxc6 6. e5 Qe7 7. Qe2 Nd5 8. c4 Nb6 9. Nd2 a5 10. g3 Qe6 11. Bg2 Bb4 12. 0-0 Ba6 13. b3 Bc3 14. Rb1 0-0 15. Ne4 Bxe5 16. Nc5 Qg6 17. Nxa6 Qxb1 18. Qxe5 Rxa6 19. Ba3 d6 20. Qe2 Qf5 21. c5 Qc8 22. cxb6 Rxb6 23. Re1 c5 24. Be4 Qd7 25. Qh5 g6 26. Qh6 c6 27. Bb2 f6 28. Bg2 a4 29. Bh3 Qg7 30. Qf4 axb3 31. axb3 d5 32. Qd6 Rb7 33. Qxc6 Re7 34. Qxd5+ Kh8 35. Rd1 Rfe8 36. Qc6 1-0

[Event "Pardubice Czech op-A 35th"]
[Site "Pardubice"]
[Date "2024.07.24"]
[Round "6"]
[White "Jaskolka, Tomasz"]
[Black "Tolmacevs, Artjoms"]
[Result "0-1"]
[WhiteElo "2249"]
[BlackElo "2107"]
[PlyCount "68"]
[EventDate "2024.07.19"]
[EventType "swiss"]
[EventRounds "9"]
[EventCountry "CZE"]
[SourceTitle "CBM 221 Extra"]
[Source "ChessBase"]
[SourceDate "2024.09.30"]
[SourceVersion "1"]
[SourceVersionDate "2024.09.30"]
[SourceQuality "1"]

1. e4 c5 2. Nf3 d6 3. d4 cxd4 4. Nxd4 Nf6 5. Nc3 a6 6. Qf3 g6 7. h3 Bg7 8. Be3 0-0 9. 0-0-0 Qc7 10. g4 e6 11. g5 Nh5 12. Be2 Nc6 13. Qg2 Nxd4 14. Bxd4 Bxd4 15. Rxd4 Nf4 16. Qf3 Qc5 17. Rd2 Qxg5 18. h4 Qe5 19. h5 b5 20. Qg4 b4 21. Nd1 Bb7 22. hxg6 fxg6 23. Bf3 Bxe4 24. Bxe4 Qxe4 25. Qh4 Ra7 26. Ne3 Rc7 27. Ng4 h5 28. Ne3 d5 29. Qh2 d4 30. Ng4 d3 31. f3 Ne2+ 32. Rxe2 Qxe2 33. Nh6+ Kh8 34. Qxc7 d2+ 0-1

[Event "Pobeskydy Talents op 42nd"]
[Site "Frydek Mistek"]
[Date "2023.04.09"]
[Round "7"]
[White "Tolmacevs, Artjoms"]
[Black "Jaworski, Tymon"]
[Result "0-1"]
[WhiteElo "1954"]
[BlackElo "1798"]
[PlyCount "86"]
[EventDate "2023.04.06"]
[EventType "swiss"]
[EventRounds "9"]
[EventCountry "CZE"]
[SourceTitle "EXT 2024"]
[Source "ChessBase"]
[SourceDate "2023.10.10"]
[SourceVersion "1"]
[SourceVersionDate "2023.10.10"]
[SourceQuality "1"]

1. e4 e5 2. Nf3 Nc6 3. d4 exd4 4. Nxd4 Bc5 5. Nb3 Bb6 6. Nc3 a5 7. a4 Nb4 8. Qe2 d6 9. Bf4 Bd7 10. 0-0-0 Qe7 11. g4 0-0-0 12. Be3 Bxe3+ 13. Qxe3 Kb8 14. Nxa5 Bxg4 15. Nd5 Nxd5 16. Rxd5 c5 17. e5 dxe5 18. Rxd8+ Qxd8 19. Bg2 Qxa5 20. Qxe5+ Qc7 21. Qxg7 Qf4+ 22. Kb1 Qd4 23. Qxf7 Bc8 24. Qf8 h5 25. Qf3 Ne7 26. Rd1 Qg4 27. Qd3 Qxg2 28. Qd6+ Ka8 29. Qxe7 Qxf2 30. a5 Bf5 31. Rc1 Rc8 32. a6 bxa6 33. Qd6 Kb7 34. Qd5+ Rc6 35. Qf7+ Rc7 36. Qb3+ Ka7 37. Rd1 Qxh2 38. Rd8 Re7 39. Rd1 Qf2 40. Qc4 h4 41. b3 h3 42. Rd6 Re1+ 43. Kb2 Qxc2+ 0-1

[Event "Pobeskydy Talents op 42nd"]
[Site "Frydek Mistek"]
[Date "2023.04.06"]
[Round "1"]
[White "Tymrakiewicz, Rafal"]
[Black "Tolmacevs, Artjoms"]
[Result "1-0"]
[WhiteElo "2145"]
[BlackElo "1954"]
[PlyCount "117"]
[EventDate "2023.04.06"]
[EventType "swiss"]
[EventRounds "9"]
[EventCountry "CZE"]
[SourceTitle "EXT 2024"]
[Source "ChessBase"]
[SourceDate "2023.10.10"]
[SourceVersion "1"]
[SourceVersionDate "2023.10.10"]
[SourceQuality "1"]

1. e4 c5 2. d4 cxd4 3. c3 Nf6 4. e5 Nd5 5. Qxd4 e6 6. Nf3 Nc6 7. Qe4 d6 8. Bb5 Bd7 9. exd6 Bxd6 10. 0-0 Qb6 11. a4 a6 12. Bc4 Nf6 13. Qe2 Qc7 14. Nbd2 0-0 15. Ne4 Nxe4 16. Qxe4 Ne5 17. Nxe5 Bxe5 18. h3 Bc6 19. Qe2 Rfd8 20. Be3 Bf4 21. Bb3 Qe5 22. Rae1 Qe4 23. f3 Bxe3+ 24. Qxe3 Qh4 25. Qf2 Qf4 26. Qe3 Qh4 27. Qf2 Qf4 28. Rd1 h5 29. h4 Qf6 30. Rfe1 Rxd1 31. Rxd1 Rd8 32. Rxd8+ Qxd8 33. Qd4 Qxd4+ 34. cxd4 Kf8 35. Kf2 Ke7 36. Ke3 Bd5 37. Bxd5 exd5 38. Kf4 f6 39. g4 hxg4 40. fxg4 Kf7 41. a5 g6 42. h5 Kg7 43. hxg6 Kxg6 44. b3 Kg7 45. Kf5 Kf7 46. g5 fxg5 47. Kxg5 Ke6 48. b4 Kd6 49. Kf6 Kc6 50. Ke6 b6 51. axb6 Kxb6 52. Kxd5 Kb5 53. Ke6 Kxb4 54. d5 a5 55. d6 a4 56. d7 a3 57. d8Q Kb3 58. Qd2 a2 59. Qc1 1-0